00334nam a22001097a 4500082003400000245002400034260003500058300002000093526003700113526003700150526003700187 a358.40095491bSTOcL-28, P-69 aStory of PAF Heroes aLahorebSayyarah Digestcc1967 ap153billc16cm a0b0c0d358_400954910000000_STO a0b0c0d358_400954910000000_STO a0b0c0d358_400954910000000_STO